Proper Nouns That Start with OY- and PY- Quiz Stats

 Plays Quiz not verified by Sporcle

Challenge
Share
Tweet
Embed
Score 0/14 Timer 01:30
0 Plays Today
% Correct
Pyongyang
84.7%
Pythagoras
81.4%
Oyster Card
78%
Pyrenees
78%
Pyotr
74.6%
Oye
67.8%
Pygmalion
64.4%
% Correct
Pym
57.6%
Python
52.5%
Oyvind
47.5%
Oyu Tolgoi
42.4%
Pyke
42.4%
Oymyakon
33.9%
Oyo
32.2%

You're not logged in!

Compare scores with friends on all Sporcle quizzes.
OR
Log In

You Might Also Like...

Show Comments

Extras

Top Quizzes Today


Score Distribution

Your Account Isn't Verified!

In order to create a playlist on Sporcle, you need to verify the email address you used during registration. Go to your Sporcle Settings to finish the process.

Report this User

Report this user for behavior that violates our Community Guidelines.

Details: